Score 0/30 Timer 08:00
0 Plays Today
% Correct
Toy Story
99.9%
Bad Santa
95.9%
Top Gun
94.2%
Cool Runnings
89.3%
The Naked Gun: From the Files of Police Squad!
88.2%
A Christmas Story
85.4%
The Hateful Eight
80.8%
Cool Hand Luke
79.8%
Bad Teacher
76.4%
The NeverEnding Story
69.9%
Love Story
66.7%
Double Indemnity
52.8%
Eight Below
49.2%
Double Jeopardy
49%
Eight Men Out
48%
% Correct
Be Cool
47.9%
The Philadelphia Story
47.1%
Bad Lieutenant
31.2%
Eight Legged Freaks
30%
Cool World
29.9%
Body Double
24.3%
Very Bad Things
19.5%
The Way of the Gun
19.3%
Machine Gun Preacher
16.2%
Double Team
15.6%
Hard Eight
13.7%
Bad Taste
11%
Playing it Cool
5.6%
The Double Life of Veronique
5.4%
Johnny Got His Gun
5%
Come Together.
Have Fun.
All Virtual.
We all need to come together. Play Sporcle's virtual live trivia to have fun, connect with people, and get your trivia on. Join a live hosted trivia game for your favorite pub trivia experience done virtually. If a virtual private party is more your thing, go here for details.

You're not logged in!

Compare scores with friends on all Sporcle quizzes.
OR
Log In

Sporcle TV

Today on Sporcle TV


Watch our educational content, quiz creation guides, and fun videos on Sporcle TV.

Show Comments

Extras

Top Quizzes Today


Score Distribution

Paid Content

Your Account Isn't Verified!

In order to create a playlist on Sporcle, you need to verify the email address you used during registration. Go to your Sporcle Settings to finish the process.

Report this User

Report this user for behavior that violates our Community Guidelines.

Details: